Κόσμοι πρωτεύουσες πλησιέστερες στην Αθήνα - Statistics

General Stats
  • This quiz has been taken 149 times
  • The average score is 6 of 20
Answer Stats
km πρωτεύουσα % Correct
1055 Ρώμη
71%
490 Σκόπια
68%
818 Άγκυρα
63%
915 Λευκωσία
54%
745 Βουκουρέστι
45%
1122 Κάιρο
43%
527 Σοφία
37%
1083 Ζάγκρεμπ
35%
852 Βαλέτα
31%
626 Ποντγκόριτσα
27%
565 Πρίστινα
24%
1126 Βουδαπέστη
20%
1056 Πόλης του Βατικανού
19%
793 Σεράγεβο
16%
1089 Κισινάου
15%
502 Τιράνα
13%
1156 Σαν Μαρίνο
7%
809 Βελιγράδιο
4%
1124 Τρίπολις
1%
1153 Βηρύτος
0%
No matching quizzes found
Score Distribution
Percent of People with Each Score
Percentile by Number Answered
Your Score History
You have not taken this quiz